000 00294nam a22001337a 4500
008 171020b xxu||||| |||| 00| 0 eng d
020 _a9780072875706
041 _aeng
080 _a338
100 _a54
101 _aMEN
245 _aNEW VENTURE CREATION
_cTIMMONS.J.A
942 _2udc
_cBK
999 _c35204
_d35204